000
00315nam a2200133Ia 4500
008
151001s9999||||xx |||||||||||||| ||und||
100
_a
वसंत देशमुख
245
_a
मकरंद
250
_a
1
260
_b
मंजिरी
260
_c
1977
300
_a
112
365
_b
18
999
_c
969281
_d
969278